000 00916nam a22002657a 4500
001 5827
003 FISKH
005 20250123125409.0
008 250123b cb ||||| |||| 00| 0 eng d
020 _a9780590266178
040 _aFISKH
_beng
_cFISKH
_dFISKH
050 _aDT61.S8653
082 _a932
100 _aSteedman, Scott
245 _aThe Egyptian news :
_bThe greatest newspaper in civilization /
_cby Scott Steedman
250 _aThis edition first printing, October 2005
260 _aNew York :
_bScholastic ,
_c1997.
300 _a32 pages :
_bcolor illustrations ;
_c28 cm .
490 _aHistory News
520 _aUses a newspaper format to present articles about the history, politics, fashion, food, daily life, and afterlife of the ancient Egyptians.
650 _aancient civilizations
_vnon-fiction
700 _aPutnam, James
_eConsultant
942 _2ddc
_cBK
_n0
999 _c5827
_d5827